000 01583cam a22004337a 4500
003 CHAP
005 20220329141849.0
008 980316d1997 mx a r 00110 spa d
010 _a74948
011 _a75920
035 _a85493
040 _cCHAP
090 _aTesis
100 0 0 _aMorales Hernández, Erica.
_978294
245 1 0 _aEvaluación potencial de la tierra para trigo, cebada y nopal bajo condiciones de temporal en Nopaltepec, México
_c/por Erica Morales Hernández
260 _aChapingo, Méx. :
_bEl autor,
_c1997.
300 _a160 h. :
_bilus. ; gráfs. ; mapas
502 _aTesis (Ing. Agr. Esp. en Suelos) -- UACH. Departamento de Suelos
590 _aALEPH
_b10
_c20130110
_lUCH01
_h1422
590 _aBATCH-UPD
_b10
_c20130110
_lUCH01
_h0744
590 _aBATCH-UPD
_b10
_c20130410
_lUCH01
_h0425
590 _aBATCH-UPD
_b10
_c20130913
_lUCH01
_h2153
590 _aBATCH-UPD
_b10
_c20130914
_lUCH01
_h1723
590 _aCONVERSION
_b10
_c20130109
_lUCH01
_h1341
650 1 4 _aAgricultura de temporal.
_91999
650 1 4 _aCebada
_xRendimiento.
_920707
650 1 4 _aCebada
_zMéxico (Edo.).
_920720
650 1 4 _aLevantamiento topográfico.
_966426
650 1 4 _aNopal
_xRendimiento.
_981695
650 1 4 _aNopal
_zMéxico (Edo.).
_981709
650 1 4 _aTierras
_xEvaluación.
_9113113
650 1 4 _aTrigo
_xRendimiento.
_9115092
650 1 4 _aTrigo
_zMéxico (Edo.).
_9115131
901 _aBK
905 _aGuadalupe Pinto C.
942 _cFOLL
949 _bBC
_cTES
_d33724000586301
_eTS2
_fc.2
_h32300
_i85493
_si
949 _bBC
_cTES
_d854931
_eTS1
_h32299
_i85493
_sb
999 _c74948
_d74948